000 00479nam a2200181Ia 4500
008 090124s9999 xx 000 0 und d
082 _b21676
100 _aशिंदे फ.मुं.
245 _a आदिम
250 _a2
260 _bपरिमल प्रकाशन
_c1984
300 _a47
600 _aशिंदे फ.मुं.
630 _a आदिम
700 _aशिंदे फ.मुं.
730 _a आदिम
942 _cBOOK
999 _c91576
_d91576